Estadísticas para Huesos del cuerpo humano

Haz click aquí para intentar la prueba.

Estadísticas generales

  • Esta prueba ha sido intentada 768 veces
  • La puntuación promedio es 31 de 130

Estadísticas de respuestas

Parte del cuerpoHueso% Correcto
Fémur
83%
Radio
83%
Tibia
80%
Cúbito
77%
Peroné
77%
Húmero
69%
Miembro superiorClavícula
67%
Coxis
65%
Occipital
65%
CráneoFrontal
64%
TóraxEsternón
63%
Maxilar inferior
62%
Parietal
60%
Oído medioMartillo
59%
Maxilar superior
58%
Rótula
51%
Yunque
51%
Columna sacra y coxisSacro
47%
Temporal
47%
Estribo
41%
Nasal
37%
Columna cervicalAtlas
33%
Esfenoides
31%
Axi
30%
Etmoides
29%
Cuarto metacarpiano
27%
Escafoides
27%
Primer metacarpiano
27%
Quinto metacarpiano
27%
Segundo metacarpiano
27%
Tercer metacarpiano
27%
Calcáneo
25%
Cigomático
25%
Cuarto metatarsiano
24%
Primer metatarsiano
24%
Quinto metatarsiano
24%
Segundo metatarsiano
24%
Tercer metatarsiano
24%
PieAstrágalo
23%
Cuarta vértebra cervical
23%
Cuarta vértebra lumbar
23%
Columna lumbarPrimera vértebra lumbar
23%
Quinta vértebra cervical
23%
Quinta vértebra lumbar
23%
Segunda vértebra lumbar
23%
Séptima vértebra cervical
23%
Sexta vértebra cervical
23%
Tercera vértebra cervical
23%
Tercera vértebra lumbar
23%
Ganchoso
22%
Piramidal
22%
Semilunar
22%
Pisiforme
21%
ManoTrapecio
21%
Grande
19%
Falange distal I de la mano
18%
Falange distal I del pie
18%
Falange distal II de la mano
18%
Falange distal II del pie
18%
Falange distal III de la mano
18%
Falange distal III del pie
18%
Falange distal IV de la mano
18%
Falange distal IV del pie
18%
Falange distal V de la mano
18%
Falange distal V del pie
18%
Falange proximal I de la mano
18%
Falange proximal I del pie
18%
Falange proximal II de la mano
18%
Falange proximal II del pie
18%
Falange proximal III de la mano
18%
Falange proximal III del pie
18%
Falange proximal IV de la mano
18%
Falange proximal IV del pie
18%
Falange proximal V de la mano
18%
Falange proximal V del pie
18%
CuelloHioides
18%
Trapezoide
18%
Vómer
18%
Falange media II de la mano
17%
Falange media II del pie
17%
Falange media III de la mano
17%
Falange media III del pie
17%
Falange media IV de la mano
17%
Falange media IV del pie
17%
Falange media V de la mano
17%
Falange media V del pie
17%
Palatino
17%
Cuarta vértebra torácica
16%
Décima vértebra torácica
16%
Duodécima vértebra torácica
16%
Novena vértebra torácica
16%
Octava vértebra torácica
16%
Columna dorsalPrimera vértebra torácica
16%
Quinta vértebra torácica
16%
Segunda vértebra torácica
16%
Séptima vértebra torácica
16%
Sexta vértebra torácica
16%
Tercera vértebra torácica
16%
Undécima vértebra torácica
16%
Primera costilla flotante
14%
Segunda costilla flotante
14%
Tercer cuneiforme
14%
Miembro inferiorCoxal
13%
Cuboides
13%
Navicular
11%
Primera costilla falsa
11%
Primer cuneiforme
11%
Segunda costilla falsa
11%
Tercera costilla falsa
11%
Lacrimal
10%
Segundo cuneiforme
10%
Cuarta costilla verdadera
9%
Primera costilla verdadera
9%
Quinta costilla verdadera
9%
Segunda costilla verdadera
9%
Séptima costilla verdadera
9%
Sexta costilla verdadera
9%
Tercera costilla verdadera
9%
Acromión
7%
Cornete nasasl inferior
3%
Fosa
2%
Apófisis coronoides
1%
Cóndilo
1%
Suturales
1%
Troquin
1%
Troquiter
1%
Corredera Bicipital
0%
Epitroclea
0%
Fosa radial
0%
Fosa subescapular
0%

Distribución de puntuación

Porcentaje por número respondido

Porcentaje de gente con cada puntuación

Historial de tus puntuaciones

No has intentado esta prueba.